[Event "Titled Tue 1st Jul Early"]
[Site "chess.com INT"]
[Date "2025.07.01"]
[Round "9"]
[White "Nikookar, Mahdi"]
[Black "Lopez Rayo, Santiago"]
[Result "1-0"]
[WhiteTitle "FM"]
[BlackTitle "FM"]
[WhiteElo "2216"]
[BlackElo "2350"]
[WhiteFideId "22552987"]
[BlackFideId "4455665"]
[EventDate "2025.07.01"]

1. Nf3 Nf6 2. b3 g6 3. Bb2 Bg7 4. c4 O-O 5. g3 d5 6. cxd5 Nxd5 7. Bxg7 Kxg7 8.
Bg2 c5 9. O-O Nc6 10. Qc1 Qd6 11. Na3 a6 12. Qb2+ f6 13. Nc4 Qc7 14. d4 b5 15.
Ncd2 e5 16. dxe5 fxe5 17. Rac1 Qe7 18. Ne4 Nd4 19. Rxc5 Nxf3+ 20. Bxf3 Bb7 21.
Rfc1 Rac8 22. h4 Rxc5 23. Nxc5 Rc8 24. Nxb7 Rxc1+ 25. Qxc1 e4 26. Bg2 Qxb7 27.
Bxe4 Qd7 28. Qd2 Nf6 29. Qxd7+ Nxd7 30. Bd3 Kf6 31. f4 Nc5 32. Kf2 Ke6 33. Ke3
Kd5 34. h5 b4 35. hxg6 hxg6 36. Bxg6 a5 37. Bf7+ Kd6 38. Kd4 Nd7 39. Bc4 Nb6 40.
e4 a4 41. e5+ Ke7 42. bxa4 Nxa4 43. f5 Nc3 44. f6+ Kf8 45. e6 Nd1 46. e7+ Ke8
47. Bb5+ Kf7 48. e8=Q+ 1-0

[Event "Titled Tue 1st Jul Early"]
[Site "chess.com INT"]
[Date "2025.07.01"]
[Round "9"]
[White "Nifdaliyev, Jahangir"]
[Black "Birkisson, Bjorn Holm"]
[Result "1/2-1/2"]
[WhiteTitle "FM"]
[BlackTitle "CM"]
[WhiteElo "2312"]
[BlackElo "2159"]
[WhiteFideId "13407740"]
[BlackFideId "2310600"]
[EventDate "2025.07.01"]

1. Nf3 d5 2. g3 b6 3. Bg2 Bb7 4. d4 e6 5. O-O Nf6 6. c4 dxc4 7. Qa4+ Nbd7 8.
Qxc4 Be7 9. Nc3 O-O 10. Bf4 c5 11. Rfd1 cxd4 12. Nxd4 Bxg2 13. Kxg2 Qc8 14. Qxc8
Rfxc8 15. Ndb5 e5 16. Bg5 Kf8 17. Nd6 Bxd6 18. Rxd6 h6 19. Be3 Ke7 20. Rad1 Nf8
21. h3 Ne6 22. g4 Rd8 23. Nb5 Rxd6 24. Nxd6 g6 25. Nc4 Nf4+ 26. Bxf4 exf4 27.
Ne5 Rc8 28. Rd2 Ne4 29. Rd4 Nd6 30. Rd2 Ke6 31. Nf3 g5 32. Nd4+ Ke5 33. Nf3+ Ke6
34. Nd4+ Ke7 35. Kf3 Rc4 36. Nb3 a5 37. Nd4 Rc1 38. Kg2 Ne4 39. Nf5+ Ke6 40. Rd4
Ke5 41. Rd7 Rc2 42. Re7+ Kd5 43. Rd7+ Ke5 44. Re7+ Kd5 45. Rd7+ Ke5 1/2-1/2

[Event "Titled Tue 1st Jul Early"]
[Site "chess.com INT"]
[Date "2025.07.01"]
[Round "9"]
[White "Ishvi, Aggarwal"]
[Black "Le, Minh Tu"]
[Result "1-0"]
[WhiteTitle "WCM"]
[BlackTitle "FM"]
[WhiteElo "1954"]
[BlackElo "1932"]
[WhiteFideId "25728890"]
[BlackFideId "12404888"]
[EventDate "2025.07.01"]

1. d4 d5 2. c4 dxc4 3. Nf3 Nf6 4. e3 a6 5. Bxc4 b5 6. Be2 Bb7 7. O-O e6 8. a4 b4
9. Nbd2 Be7 10. Nc4 O-O 11. b3 c5 12. dxc5 Bxc5 13. Bb2 Nbd7 14. Qc2 Rc8 15.
Rad1 Qe7 16. Qb1 Be4 17. Bd3 Bxd3 18. Rxd3 Nb6 19. Nfe5 Nxc4 20. Nxc4 Nd5 21.
Rfd1 Rfd8 22. Qc1 Nf6 23. Qd2 Rxd3 24. Qxd3 h6 25. Ne5 Qb7 26. h3 Qe4 27. Qxa6
Rb8 28. Qc4 Qxc4 29. Nxc4 Nd5 30. Kf1 Rc8 31. Ra1 f5 32. a5 Nc3 33. a6 Nb5 34.
Ra5 Na7 35. Ra1 Rc6 36. Ne5 Rc8 37. Nd7 Bd6 38. Bd4 Nb5 39. a7 Ra8 40. Ra5 1-0

[Event "Titled Tue 1st Jul Early"]
[Site "chess.com INT"]
[Date "2025.07.01"]
[Round "9"]
[White "Pranesh, M"]
[Black "Mitrabha, Guha"]
[Result "1-0"]
[WhiteTitle "GM"]
[BlackTitle "GM"]
[WhiteElo "2592"]
[BlackElo "2515"]
[WhiteFideId "35028600"]
[BlackFideId "5057000"]
[EventDate "2025.07.01"]

1. Nf3 Nf6 2. b3 b6 3. Bb2 Bb7 4. g3 g6 5. Bg2 Bg7 6. O-O O-O 7. c4 c5 8. d4
cxd4 9. Qxd4 d6 10. Qh4 Nbd7 11. Nc3 Rc8 12. Rfb1 Rc5 13. g4 Qa8 14. h3 Ne5 15.
Nxe5 Rxe5 16. Bxb7 Qxb7 17. Rd1 Rc8 18. Qg3 Re6 19. Rab1 h5 20. f3 a6 21. a4 b5
22. axb5 axb5 23. g5 Nd7 24. Nxb5 Rxe2 25. Bxg7 Kxg7 26. Re1 h4 27. Qf4 Rxe1+
28. Rxe1 Ne5 29. Re3 Ra8 30. Nd4 Ra1+ 31. Kf2 Qa7 32. Qe4 Rd1 33. Ne2 Nd3+ 34.
Kg2 Ne1+ 35. Kh2 e5 36. f4 Nd3 37. fxe5 Nxe5 38. Kg2 Rd2 39. Qf4 Kg8 40. Rxe5
Qa8+ 41. Kf2 Rd1 42. Qe4 Qa1 43. Re8+ Kg7 44. Qxh4 Rf1+ 45. Kg2 1-0

[Event "Titled Tue 1st Jul Early"]
[Site "chess.com INT"]
[Date "2025.07.01"]
[Round "9"]
[White "Cacheiro Blanco, Diego"]
[Black "Allahverdiyeva, Ayan"]
[Result "1-0"]
[WhiteTitle "FM"]
[BlackTitle "WIM"]
[WhiteElo "2383"]
[BlackElo "2234"]
[WhiteFideId "54541042"]
[BlackFideId "13412590"]
[EventDate "2025.07.01"]

1. e4 c5 2. Nf3 d6 3. d4 cxd4 4. Nxd4 Nf6 5. Nc3 a6 6. Bg5 Nbd7 7. Qe2 Qc7 8.
O-O-O e6 9. f4 b5 10. a3 Be7 11. g4 Rb8 12. Bxf6 Bxf6 13. g5 Bd8 14. f5 Bxg5+
15. Kb1 b4 16. axb4 Rxb4 17. fxe6 Qxc3 18. exd7+ Bxd7 19. Nb3 Qf6 20. Qxa6 O-O
21. Qxd6 Qxd6 22. Rxd6 Be6 23. Rd4 Rfb8 24. Rxb4 Rxb4 25. Nc5 Bf6 26. b3 Bg4 27.
Bc4 Bd4 28. Na4 Rb8 29. Rf1 Rb7 30. c3 Be5 31. Bd5 Ra7 32. Rf2 Kf8 33. Kb2 Rc7
34. b4 f6 35. Nc5 Ke7 36. Kb3 Bd1+ 37. Kc4 Bd6 38. Kb5 g5 39. Kb6 h5 40. Rd2 Bg4
41. c4 Bc8 42. Nd3 g4 43. c5 Rd7 44. cxd6+ Rxd6+ 45. Kc5 h4 46. Nf4 g3 47. Ng6+
Kd7 48. Nxh4 gxh2 49. Rxh2 1-0

[Event "Titled Tue 1st Jul Early"]
[Site "chess.com INT"]
[Date "2025.07.01"]
[Round "9"]
[White "Sydoryka, Vladyslav"]
[Black "Fomevor, Cephas Clinton"]
[Result "1-0"]
[WhiteTitle "FM"]
[BlackTitle "CM"]
[WhiteElo "2246"]
[BlackElo "1883"]
[WhiteFideId "14145928"]
[BlackFideId "12601330"]
[EventDate "2025.07.01"]

1. c4 c6 2. Nf3 d5 3. g3 Nf6 4. Bg2 a6 5. b3 Bf5 6. O-O e6 7. Bb2 Be7 8. d3 O-O
9. Nbd2 Nbd7 10. Qc2 h6 11. Rad1 Rc8 12. Rfe1 Bb4 13. a3 Ba5 14. b4 Bc7 15. e4
dxe4 16. Nxe4 Qe7 17. Qb3 Rfd8 18. Nc3 Nb6 19. d4 Qf8 20. a4 Bg4 21. a5 Nbd7 22.
h3 Bh5 23. Ne2 Bb8 24. Bc1 Bg6 25. Bf4 Nh5 26. Bxb8 Rxb8 27. Nd2 Nhf6 28. Nf4
Bh7 29. h4 Rbc8 30. Bh3 Rb8 31. Kg2 Re8 32. c5 Nd5 33. Ne2 N7f6 34. Nc4 Red8 35.
Ng1 Ne4 36. Nf3 Qe7 37. Kg1 Qf8 38. Bg2 Nef6 39. Nfe5 Qe7 40. Nd6 Ne8 41. Nec4
Nxd6 42. Nxd6 Nf6 43. Bh3 Ne8 44. Nxf7 Bf5 45. Bxf5 exf5 46. Rxe7 1-0

[Event "Titled Tue 1st Jul Early"]
[Site "chess.com INT"]
[Date "2025.07.01"]
[Round "9"]
[White "Goswami, Vedant"]
[Black "Ahmad, Al Khatib"]
[Result "1-0"]
[WhiteTitle "FM"]
[BlackTitle "GM"]
[WhiteElo "2057"]
[BlackElo "2172"]
[WhiteFideId "5003725"]
[BlackFideId "8103178"]
[EventDate "2025.07.01"]

1. Nf3 Nf6 2. d4 d5 3. Bf4 c6 4. e3 Bg4 5. Nbd2 e6 6. h3 Bh5 7. Be2 Bd6 8. Bxd6
Qxd6 9. Ne5 Bxe2 10. Qxe2 Nbd7 11. Ndf3 Ne4 12. O-O O-O 13. c4 dxc4 14. Nxc4 Qd5
15. Nfd2 Nxd2 16. Nxd2 e5 17. Nf3 e4 18. Nd2 Nb6 19. Rfc1 Rfe8 20. Rc5 Qd7 21.
Nc4 Nd5 22. Ne5 Qd6 23. Qc4 f6 24. Ng4 h5 25. Nh2 Rad8 26. b4 a6 27. a4 Qe6 28.
Nf1 Rd6 29. Rc1 Nb6 30. Qc2 Red8 31. Nd2 Nd5 32. Nxe4 Nxb4 33. Qb1 R6d7 34.
Nxf6+ Qxf6 35. Qxb4 Rf7 36. R1c2 Qg6 37. Re5 Qxc2 38. f4 Rdf8 39. Qd6 Qe2 40.
Qg6 Qe1+ 41. Kh2 h4 42. Rh5 Qg3+ 43. Kg1 Qxe3+ 44. Kh2 Qxf4+ 45. Kh1 Qf1+ 46.
Kh2 Qf4+ 47. Kh1 Qc1+ 48. Kh2 1-0

[Event "Titled Tue 1st Jul Early"]
[Site "chess.com INT"]
[Date "2025.07.01"]
[Round "9"]
[White "Lopez Rayo, Isabella"]
[Black "Li, Hui"]
[Result "1-0"]
[WhiteTitle "WFM"]
[BlackTitle "CM"]
[WhiteElo "1998"]
[BlackElo "2065"]
[WhiteFideId "4452755"]
[BlackFideId "15400310"]
[EventDate "2025.07.01"]

1. e4 e5 2. Nf3 Nf6 3. Nxe5 d6 4. Nf3 Nxe4 5. Nc3 Nxc3 6. dxc3 Be7 7. Be3 c5 8.
Bc4 Nc6 9. Qe2 Be6 10. Bxe6 fxe6 11. O-O O-O 12. Rad1 Qe8 13. Bg5 e5 14. Rd2 h6
15. Bxe7 Qxe7 16. Rfd1 Rad8 17. g3 Qe6 18. c4 Rf6 19. c3 Qg4 20. Nh4 Qxe2 21.
Rxe2 Re8 22. Red2 Ree6 23. Ng2 g5 24. Ne3 e4 25. Nd5 Rf7 26. Ne3 Rff6 27. g4 Ne5
28. Kg2 Nd3 29. Nf5 h5 30. h3 Nf4+ 31. Kg3 Nd3 32. f3 hxg4 33. hxg4 Nf4 34. Kh2
exf3 35. Rxd6 Rxd6 36. Nxd6 f2 37. Nf5 Ne2 38. Ne7+ Kf7 39. Nf5 1-0

[Event "Titled Tue 1st Jul Early"]
[Site "chess.com INT"]
[Date "2025.07.01"]
[Round "9"]
[White "Zlatkov, Anton"]
[Black "Garv, Gaur"]
[Result "1-0"]
[WhiteTitle "FM"]
[BlackTitle "FM"]
[WhiteElo "2330"]
[BlackElo "2363"]
[WhiteFideId "15005402"]
[BlackFideId "45030839"]
[EventDate "2025.07.01"]

1. e4 e5 2. Nf3 Nc6 3. Bc4 Bc5 4. c3 Nf6 5. d3 O-O 6. Nbd2 d5 7. exd5 Nxd5 8.
Ne4 Be7 9. O-O Nb6 10. Bb3 Bf5 11. a4 a5 12. Re1 Qd7 13. h3 Rad8 14. Bc2 Nd5 15.
Ng3 Bf6 16. Nxf5 Qxf5 17. d4 Qc8 18. dxe5 Nxc3 19. Bxh7+ Kxh7 20. Qc2+ Kg8 21.
exf6 Nd5 22. fxg7 Rfe8 23. Bd2 Ndb4 24. Bxb4 Nxb4 25. Qc4 Kxg7 26. Qf4 Qd7 27.
Qg5+ Kf8 28. Qh6+ Kg8 29. Qg5+ Kf8 30. Qxa5 Nd3 31. Rxe8+ Rxe8 32. Rd1 c5 33.
Qc3 c4 34. Qxc4 Ne5 35. Qb4+ Qe7 36. Qxe7+ Rxe7 37. Nxe5 Rxe5 38. Rd7 Re1+ 39.
Kh2 Re2 40. Rxb7 Rxf2 41. a5 Rf6 42. b4 Rf2 43. b5 1-0

[Event "Titled Tue 1st Jul Early"]
[Site "chess.com INT"]
[Date "2025.07.01"]
[Round "9"]
[White "Dubnevych, Maksym"]
[Black "Kollars, Dmitrij"]
[Result "0-1"]
[WhiteTitle "FM"]
[BlackTitle "GM"]
[WhiteElo "2296"]
[BlackElo "2644"]
[WhiteFideId "14184001"]
[BlackFideId "12909572"]
[EventDate "2025.07.01"]

1. e4 e5 2. Nc3 Nf6 3. d4 exd4 4. Qxd4 Nc6 5. Qd3 g6 6. f4 d6 7. Nf3 Bg7 8. Bd2
O-O 9. O-O-O a6 10. h3 b5 11. e5 dxe5 12. Qxd8 Rxd8 13. fxe5 Nh5 14. Re1 Bb7 15.
Rg1 Ng3 16. Bf4 Nxf1 17. Rgxf1 Nd4 18. Nxd4 Rxd4 19. Be3 Rc4 20. Bd2 Bxg2 21.
Rf2 Bxh3 22. Nd5 Re8 23. Bc3 h5 24. a3 h4 25. Rh2 Bf5 26. b3 Rxc3 27. Nxc3 Rxe5
28. Rd1 Bf6 29. Nd5 Bg5+ 30. Kb1 c5 31. Nc7 h3 32. Nxa6 Re3 33. Rdh1 Rxb3+ 34.
Ka2 Rc3 35. Kb2 Bf6 36. Kc1 Be5 37. Re2 Bd4 38. Nc7 Bd7 39. Nd5 Rxa3 40. Kd2 Kg7
41. c3 Bc6 42. cxd4 Bxd5 43. Rhh2 cxd4 44. Ke1 Bg2 45. Rd2 d3 46. Kf2 b4 47. Ke3
g5 48. Kf2 f5 49. Kg3 Kg6 50. Rb2 d2+ 51. Kf2 d1=Q 0-1

[Event "Titled Tue 1st Jul Early"]
[Site "chess.com INT"]
[Date "2025.07.01"]
[Round "9"]
[White "Motola, Jacopo"]
[Black "Szpar, Milosz"]
[Result "0-1"]
[WhiteTitle "FM"]
[BlackTitle "IM"]
[WhiteElo "2333"]
[BlackElo "2490"]
[WhiteFideId "863190"]
[BlackFideId "1184989"]
[EventDate "2025.07.01"]

1. Nf3 d5 2. c4 e6 3. g3 Nf6 4. Bg2 Be7 5. O-O O-O 6. d4 c6 7. b3 Nbd7 8. Bb2 b6
9. Nbd2 Bb7 10. Qc2 c5 11. Ne5 Rc8 12. e4 cxd4 13. Nxd7 Qxd7 14. exd5 exd5 15.
Bxd4 dxc4 16. Bxb7 Qxb7 17. bxc4 Rfd8 18. Nb3 Qc6 19. Rac1 Ba3 20. Bb2 Bxb2 21.
Qxb2 Ne4 22. h4 Rd3 23. Qe2 Rcd8 24. Rfd1 R3d6 25. Rxd6 Rxd6 26. Re1 Nf6 27. Rd1
Qe4 28. Qf1 Rd7 29. Rxd7 Nxd7 30. Qd1 Qb7 31. c5 h6 32. cxb6 axb6 33. Qd6 Nf6
34. Nd4 Qa6 35. Qc6 Qxa2 36. Qc8+ Kh7 37. Qf5+ Kh8 38. Qc8+ Ng8 39. Nf5 Qe6 40.
Qc2 g6 41. Ne3 h5 42. Qc3+ Qf6 43. Qd3 Kg7 44. Nd5 Qb2 45. Qe3 Nf6 46. Nxb6 Qb1+
47. Kg2 Ng4 48. Qd4+ Kh7 49. Nd5 Qb7 50. f3 Qxd5 0-1

[Event "Titled Tue 1st Jul Early"]
[Site "chess.com INT"]
[Date "2025.07.01"]
[Round "9"]
[White "Le, Tuan Minh"]
[Black "Ibrahimli, Murad"]
[Result "1-0"]
[WhiteTitle "GM"]
[BlackTitle "IM"]
[WhiteElo "2598"]
[BlackElo "2438"]
[WhiteFideId "12401153"]
[BlackFideId "13410229"]
[EventDate "2025.07.01"]

1. d4 Nf6 2. Nf3 c5 3. c3 e6 4. Bf4 Qb6 5. Qc2 cxd4 6. cxd4 Nc6 7. e3 Nb4 8. Qc1
Nbd5 9. Bg3 Ne4 10. Bd3 Bb4+ 11. Nfd2 Nxg3 12. hxg3 f5 13. a3 Be7 14. Nc3 Nf6
15. Nf3 O-O 16. e4 d5 17. exd5 exd5 18. O-O Be6 19. Ng5 Bd7 20. Re1 Rae8 21. Qc2
g6 22. Nf3 Bd6 23. b4 Kg7 24. Qb3 Be6 25. Rac1 Bg8 26. Ne2 Ne4 27. Nf4 Qd8 28.
Qb2 Bb8 29. Bc2 Re7 30. Bb3 g5 31. Nd3 Rf6 32. Nde5 g4 33. Nh4 h5 34. Bc2 Bh7
35. Bb1 f4 36. gxf4 Rxf4 37. Bxe4 dxe4 38. g3 Rf6 39. Nc4 Rd7 40. d5 Rxd5 41.
Re2 b5 42. Ne3 Be5 43. Qc2 Rd3 44. Qc5 Qd6 45. Qxb5 Bxg3 46. Qg5+ 1-0

[Event "Titled Tue 1st Jul Early"]
[Site "chess.com INT"]
[Date "2025.07.01"]
[Round "9"]
[White "Zakrzewski, Marek"]
[Black "Yalcinkaya, Efe"]
[Result "0-1"]
[WhiteTitle "FM"]
[BlackTitle "CM"]
[WhiteElo "2288"]
[BlackElo "2225"]
[WhiteFideId "1170694"]
[BlackFideId "44506619"]
[EventDate "2025.07.01"]

1. e4 c6 2. d4 d5 3. exd5 cxd5 4. c4 Nf6 5. Nc3 g6 6. cxd5 Bg7 7. Bb5+ Nbd7 8.
Nge2 O-O 9. Qb3 Nb6 10. Nf4 Qd6 11. O-O Rd8 12. Re1 Kf8 13. Nd3 Nbxd5 14. Bc4
Be6 15. Qxb7 Ng4 16. g3 Bxd4 17. Ne4 Qb6 18. Qxb6 Bxb6 19. Nec5 Rac8 20. Nxe6+
fxe6 21. b3 Bd4 22. Bb2 Bxb2 23. Nxb2 Kf7 24. Nd3 Rd6 25. h3 Ngf6 26. Ne5+ Kg7
27. Rad1 Rcd8 28. Rc1 Nb4 29. a3 Nbd5 30. Nf3 h6 31. Nd4 Kf7 32. Nb5 R6d7 33.
Re2 Rb8 34. Rce1 Rb6 35. a4 a6 36. Nd4 Rdd6 37. Nf3 Nd7 38. Ne5+ Nxe5 39. Rxe5
Kf6 40. f4 a5 41. h4 h5 42. Kf2 Rbc6 43. Kf3 Nb4 44. Rxa5 Nc2 45. Re4 Nd4+ 46.
Ke3 Nf5+ 47. Kf2 Rd2+ 48. Re2 Rxe2+ 49. Bxe2 Rc3 50. Bc4 Nxg3 51. Ra6 Ne4+ 52.
Ke2 Kf5 53. Rxe6 Kxf4 54. Rxe7 Rc2+ 55. Kd3 Rd2# 0-1

[Event "Titled Tue 1st Jul Early"]
[Site "chess.com INT"]
[Date "2025.07.01"]
[Round "9"]
[White "Bologan, Victor"]
[Black "Svane, Frederik"]
[Result "0-1"]
[WhiteTitle "GM"]
[BlackTitle "GM"]
[WhiteElo "2601"]
[BlackElo "2659"]
[WhiteFideId "13900048"]
[BlackFideId "12923044"]
[EventDate "2025.07.01"]

1. e4 e6 2. d3 d5 3. Nd2 Nf6 4. Ngf3 Be7 5. g3 O-O 6. Bg2 a5 7. a4 Nc6 8. e5 Nd7
9. d4 f6 10. exf6 Bxf6 11. Nb3 b6 12. O-O Bb7 13. Re1 e5 14. dxe5 Ndxe5 15. Nxe5
Nxe5 16. Nd4 Qd7 17. c3 Rae8 18. Bf4 Nc4 19. b3 Nd6 20. Bxd6 Qxd6 21. Qh5 g6 22.
Qg4 c5 23. Nb5 Qd8 24. Rxe8 Rxe8 25. Rd1 Kg7 26. c4 Bc8 27. Qf4 Be5 28. Qd2 d4
29. Re1 Bf5 30. Bc6 Re7 31. Bd5 Bf6 32. f4 h5 33. h4 d3 34. Kg2 Kh7 35. Bf3 Rxe1
36. Qxe1 d2 37. Qd1 Qd3 38. Nc7 Bd4 39. Nd5 Kg7 40. Kh2 Kf8 41. Kg2 Ke8 42. Nc7+
Kd7 43. Nd5 Kd6 44. Kh2 Bg4 45. Bxg4 hxg4 46. f5 gxf5 47. Nf4 Qe3 48. Ne2 Qf2+
49. Kh1 Qe1+ 50. Kh2 Qxd1 0-1

[Event "Titled Tue 1st Jul Early"]
[Site "chess.com INT"]
[Date "2025.07.01"]
[Round "9"]
[White "Troltenier, Dirk"]
[Black "Osiecki, Stanislaw"]
[Result "1/2-1/2"]
[WhiteTitle "FM"]
[BlackTitle "FM"]
[WhiteElo "2174"]
[BlackElo "1944"]
[WhiteFideId "4606400"]
[BlackFideId "1102990"]
[EventDate "2025.07.01"]

1. e4 e6 2. d4 d5 3. Nd2 c5 4. Ngf3 dxe4 5. Nxe4 cxd4 6. Qxd4 Qxd4 7. Nxd4 a6 8.
Be2 Nf6 9. Nxf6+ gxf6 10. Be3 e5 11. Nb3 Nc6 12. O-O-O Be6 13. Bc5 Be7 14. Bxe7
Kxe7 15. Nc5 b5 16. Bf3 Rac8 17. Bxc6 Rxc6 18. Nxe6 Kxe6 19. Rd2 Rhc8 20. Rhd1
f5 21. g3 h5 22. a3 e4 23. Kb1 h4 24. c3 hxg3 25. hxg3 Rh8 26. Rd4 Rh2 27. R1d2
a5 28. Ka2 Rb6 29. g4 fxg4 30. Rxe4+ Kf5 31. Rdd4 Rxf2 32. Rxg4 Re6 33. Rh4 Ree2
34. Rh5+ Kg6 35. Rxb5 f5 36. c4 Kg5 37. c5 Rc2 38. Rd5 Kg4 39. c6 Rxc6 40. Rxa5
Rcc2 41. Rab5 f4 42. Rg5+ Kf3 43. a4 Rc4 44. Kb3 Rcc2 45. Ka3 Rc4 46. b3 Rc1 47.
Kb4 Ra2 48. Ka5 Kf2 49. Rb4 f3 50. Rf5 Rc3 51. Kb5 Kg2 52. Rg4+ Kf1 53. Rb4 f2
54. a5 Re3 55. a6 Ke2 56. Kb6 Re6+ 57. Kb7 Raxa6 58. Rbf4 Rab6+ 59. Kc7 Rxb3 60.
Kd7 Ree3 61. Rxf2+ Kd3 62. R2f3 Rxf3 63. Rxf3+ Kc4 64. Rxb3 Kxb3 1/2-1/2

[Event "Titled Tue 1st Jul Early"]
[Site "chess.com INT"]
[Date "2025.07.01"]
[Round "9"]
[White "Mora Munoz, Alejandro"]
[Black "Dambaev, Dashi"]
[Result "0-1"]
[WhiteTitle "FM"]
[BlackTitle "CM"]
[WhiteElo "2147"]
[BlackElo "2142"]
[WhiteFideId "4469844"]
[BlackFideId "55628494"]
[EventDate "2025.07.01"]

1. e4 c5 2. Nf3 d6 3. d4 cxd4 4. Nxd4 Nf6 5. Nc3 g6 6. Be3 Bg7 7. f3 O-O 8. Qd2
Nc6 9. O-O-O d5 10. Nxc6 bxc6 11. Bh6 Bxh6 12. Qxh6 Rb8 13. e5 Nd7 14. Rd4 Re8
15. e6 fxe6 16. Rh4 Nf8 17. Bd3 e5 18. Re1 Qd6 19. Qg5 Qf6 20. Qg3 Nd7 21. Rg4
Kg7 22. h4 Nc5 23. Rg5 Qf4+ 24. Qxf4 exf4 25. Rge5 Kf6 26. Bf1 Nd7 27. Re6+ Kf7
28. Rxc6 Nf6 29. Ne2 e5 30. Rc7+ Kf8 31. Rxa7 Bf5 32. Nc3 Rec8 33. Ra6 Kg7 34.
Rd6 d4 35. Ne4 Bxe4 36. fxe4 Ng4 37. Bd3 Ne3 38. Re2 Rc5 39. a3 Kh6 40. Rd7 Kh5
41. Rxh7+ Kg4 42. Rg7 Rb6 43. Rh7 Kg3 44. Rh6 Nxg2 0-1

[Event "Titled Tue 1st Jul Early"]
[Site "chess.com INT"]
[Date "2025.07.01"]
[Round "9"]
[White "Brancaleoni, Maurizio"]
[Black "Vincenti, Leonardo"]
[Result "0-1"]
[WhiteTitle "FM"]
[BlackTitle "CM"]
[WhiteElo "2185"]
[BlackElo "2265"]
[WhiteFideId "803022"]
[BlackFideId "28550820"]
[EventDate "2025.07.01"]

1. Nf3 Nf6 2. c4 g6 3. b3 Bg7 4. Bb2 O-O 5. g3 d5 6. cxd5 Qxd5 7. Nc3 Qh5 8. h3
Ne4 9. Bg2 Nxc3 10. Bxc3 Bxc3 11. dxc3 Qc5 12. Qd4 Qxd4 13. Nxd4 e5 14. Nc2 c6
15. O-O-O Be6 16. Rd2 Na6 17. Rhd1 Nc7 18. c4 f6 19. Kb2 Rac8 20. Ne3 Kf7 21.
Kc3 Ke7 22. b4 Rcd8 23. Rxd8 Rxd8 24. Rxd8 Kxd8 25. a3 Ke7 26. f4 exf4 27. gxf4
g5 28. f5 Bd7 29. Kd4 Kd6 30. c5+ Ke7 31. a4 Ne8 32. Nc4 Bxf5 33. Na5 Bc8 34. b5
cxb5 35. axb5 Nc7 36. b6 Ne6+ 37. Kc4 axb6 38. cxb6 Nd8 39. Kc5 f5 40. Nc4 Ne6+
41. Kb4 Nf4 42. Bf1 h5 43. e3 Nd5+ 44. Kc5 Nf6 45. Nd6 Ne4+ 46. Nxe4 fxe4 47.
Kd4 Kd6 48. Kxe4 Kc5 49. Ke5 Kxb6 50. Kf6 g4 51. hxg4 hxg4 52. e4 Kc5 53. e5 b5
54. Bd3 g3 55. Be4 Kd4 56. Bg2 b4 57. e6 Bxe6 58. Kxe6 b3 59. Kf5 b2 60. Be4 g2 0-1

[Event "Titled Tue 1st Jul Early"]
[Site "chess.com INT"]
[Date "2025.07.01"]
[Round "9"]
[White "Arslanov, Shamil"]
[Black "Zhigalko, Sergei"]
[Result "0-1"]
[WhiteTitle "IM"]
[BlackTitle "GM"]
[WhiteElo "2410"]
[BlackElo "2572"]
[WhiteFideId "4192826"]
[BlackFideId "13502956"]
[EventDate "2025.07.01"]

1. d4 Nf6 2. f3 d5 3. e4 dxe4 4. Nc3 e3 5. Bxe3 g6 6. Qd2 Nbd7 7. O-O-O Nb6 8.
Bh6 Be6 9. Bxf8 Rxf8 10. d5 Nfxd5 11. Ne4 c6 12. c4 Nf6 13. Qf4 Nbd7 14. Nxf6+
exf6 15. g3 Qa5 16. Bh3 O-O-O 17. Bxe6 fxe6 18. Ne2 Qe5 19. Qxe5 Nxe5 20. Nd4
Rfe8 21. b3 a6 22. f4 Ng4 23. Rhe1 e5 24. fxe5 Nxe5 25. Kc2 c5 26. Ne2 Nf3 27.
Rxd8+ Kxd8 28. Rd1+ Kc8 29. Nf4 Nd4+ 30. Kd3 f5 31. b4 Ne6 32. Nxe6 Rxe6 33.
bxc5 Kc7 34. h4 Kc6 35. h5 Kxc5 36. Rf1 b6 37. hxg6 hxg6 38. Rf4 Re4 39. Rxe4
fxe4+ 40. Kxe4 Kxc4 41. Kf4 b5 42. Kg5 b4 43. Kxg6 a5 44. g4 a4 45. g5 b3 46.
axb3+ axb3 47. Kf7 b2 48. g6 b1=Q 49. g7 Qf5+ 50. Ke7 Qe5+ 51. Kf8 Qf6+ 52. Kg8
Kd5 53. Kh7 Qh4+ 54. Kg8 Ke6 55. Kf8 Qd8# 0-1

[Event "Titled Tue 1st Jul Early"]
[Site "chess.com INT"]
[Date "2025.07.01"]
[Round "9"]
[White "Perez Rojas, Jorge"]
[Black "Levitan, Caleb Levi"]
[Result "0-1"]
[WhiteTitle "FM"]
[BlackTitle "FM"]
[WhiteElo "2100"]
[BlackElo "2399"]
[WhiteFideId "3452093"]
[BlackFideId "14332620"]
[EventDate "2025.07.01"]

1. e4 c5 2. Nf3 e6 3. d4 cxd4 4. Nxd4 Nf6 5. Bd3 Nc6 6. Nxc6 dxc6 7. O-O e5 8.
Nd2 Bg4 9. Qe1 Bc5 10. Nc4 Qe7 11. c3 O-O 12. a4 Rad8 13. Bc2 b5 14. Na5 Qc7 15.
axb5 cxb5 16. Be3 Nd7 17. b4 Bxe3 18. Qxe3 Nb6 19. Bb3 Rc8 20. Rfc1 Rfd8 21. f3
Bd7 22. c4 bxc4 23. Nxc4 Nxc4 24. Rxc4 Qb6 25. Qxb6 axb6 26. Rd1 Be8 27. Rxc8
Rxc8 28. Rd6 b5 29. Rd5 Rc1+ 30. Kf2 Rb1 31. Rxe5 Kf8 32. Bd5 Rxb4 33. Bb7 Rb2+
34. Kg3 Rd2 35. Rc5 Ke7 36. Bd5 Bd7 37. Rc7 f6 38. Rb7 Kd6 39. h3 g5 40. Rb8 h5
41. Rf8 h4+ 42. Kh2 Ke5 43. Rd8 Be6 44. Re8 Rxd5 45. exd5 Kxd5 0-1

[Event "Titled Tue 1st Jul Early"]
[Site "chess.com INT"]
[Date "2025.07.01"]
[Round "9"]
[White "Le Phan Hoang Quan"]
[Black "Liu, Zachary Hankun"]
[Result "1/2-1/2"]
[WhiteTitle "CM"]
[WhiteElo "1968"]
[BlackElo "2067"]
[WhiteFideId "12432881"]
[BlackFideId "2640287"]
[EventDate "2025.07.01"]

1. d4 Nf6 2. c4 e6 3. Nf3 c5 4. d5 exd5 5. cxd5 d6 6. Nc3 g6 7. Bf4 Bg7 8. e3
O-O 9. h3 Na6 10. Nd2 Nc7 11. Nc4 Nfe8 12. a4 b6 13. Be2 Ba6 14. O-O Bxc4 15.
Bxc4 a6 16. Qe2 Qd7 17. Rfd1 f5 18. Bh2 Nf6 19. Rac1 Rfe8 20. Qd3 Ne4 21. Nxe4
fxe4 22. Qc2 b5 23. axb5 axb5 24. Be2 Ra2 25. Rb1 Rf8 26. Qxe4 Rxb2 27. Rxb2
Bxb2 28. Bg4 Qd8 29. Be6+ Kh8 30. f4 Bg7 31. f5 gxf5 32. Bxf5 Re8 33. Qf4 Qf6
34. e4 Rd8 35. Bg3 b4 36. Bh4 Qf8 37. Bxd8 Qxd8 38. Be6 c4 39. Rf1 c3 40. Qg4 b3
41. Rf7 Bd4+ 42. Kh2 Be5+ 43. g3 Qa8 44. Rxc7 Qa2+ 45. Kg1 Qb1+ 46. Kg2 Qc2+ 47.
Kg1 Qc1+ 48. Kf2 Qd2+ 49. Kf3 Qd1+ 50. Kg2 Qd2+ 51. Kf1 Qc1+ 52. Kg2 Qd2+ 53.
Kg1 Qe1+ 54. Kg2 Qd2+ 1/2-1/2